00527nam a22001577a 450000500170000001000150001702000260003203500140005803700130007208200110008524501210009626000230021727000670024030000270030770000350033420170615155934.0 aENG-118660 a9788184655483c350.00 aEN-102192 bDBAD/PUB a280.66 aAd gentes mission and inter gentes missioon:cEdited by Joy Thomas, SVD K. Jose and SVDbInnovative pratices today / aDelhibISPCKc2017 aPost Box 1585, 1654, Madarsa Road, Kashmere Gate, Delhi-110006 axxxvi,213pc23cm.(pbk) aJoy Thomas SVD and K. Jose SVD